LEADER 01150nam a2200253 i 4500 001 000000054928 003 CaOOAMICUS 005 20110208000000.0 008 110208s1973 it u000 u ita u 013 $a26100 040 $aSeMil$bita 100 1 $aStassano, Giuseppe.$0(OLS)http://semarc/name/27462 245 10$aCodice delle successioni e delle donazioni :$bRepertorio completo commentato con giurisprudenza e dottrina /$cGiuseppe Stassano. 260 $aMilano :$bPirola,$cstampa 1973. 300 $aLXVIII, 1139 p. ;$c17 cm. 490 0 $aCodici delle leggi speciali 500 $aIn mezzo al front : 3500 massime. 1500 richiami dottrinari. 650 4$aTestamento.$0(OLS)http://semarc/subject/5586 830 0$aCodici delle leggi speciali.$0(OLS)http://semarc/title/32560 850 $aSeMil 852 $aSeMil$W1$xVenegono$y1$m3L I 219$j21082$B21082$CSeMilBibl$Z2$F21084 $81 961 $aOmaggio: Deposito 996 $6245$aCodice delle successioni e delle donazioni :$bRepertorio completo commentato con giurisprudenza e dottrina$9(OLS)http://semarc/title/85142 996 $6260$aMilano :$bPirola$9(OLS)http://semarc/publisher/30823 LEADER 01075nam a2200253 i 4500 001 000000072880 003 CaOOAMICUS 005 20070117000000.0 008 070117s1982 it u000 u ita u 013 $a44052 040 $aSeMil$bita 100 1 $aBuratti, Adele.$0(OLS)http://semarc/name/36092 245 13$aLa cittą rituale :$bla cittą e lo Stato di Milano nell'etą dei Borromeo /$cAdele Buratti ... [et al.]. 260 $aMilano :$bFranco Angeli,$ccopyr. 1982. 300 $a242 p. :$briccamente ill. ;$c22 cm. 500 $aFondo Card. Giovanni Colombo. 650 4$aMilano - Storia - Sec. 16.$0(OLS)http://semarc/subject/6263 650 4$aSacri Monti.$0(OLS)http://semarc/subject/8302 850 $aSeMil 852 $aSeMil$W1$xVenegono$y1$m3O IV 181$j39033$B39033$CSeMilBibl$Z2$F39036 $81 941 1 $a3 961 $aLascito: Colombo Card. Giovanni 996 $6245$aLa cittą rituale :$bla cittą e lo Stato di Milano nell'etą dei Borromeo$9(OLS)http://semarc/title/117573 996 $6260$aMilano :$bFranco Angeli$9(OLS)http://semarc/publisher/30369